000 01193nam a22001817a 4500
005 20260508164218.0
008 260508t2026 at |||||o|||| 00| 0 eng d
041 _aeng
110 _aRoyal Institution of Chartered Surveyors
245 _aAddressing skills shortages in Australia
_h[Electronic resource]
260 _bRoyal Institution of Chartered Surveyors,
_cApril 2026
300 _a18p.
520 _aThis research shows that: - - Skills shortages, financial constraints and material costs are consistently reported as the biggest constraining factors on construction . The most recent Construction Productivity Report identified the availability of skilled workers as the most important intervention that will increase productivity in construction globally. In Australia there are chronic shortages across four of RICS professional pathways including construction project managers, quantity surveyors, building certifiers and planners.
651 _aAustralia
710 _aRoyal Institution of Chartered Surveyors
856 _uhttps://www.rics.org/content/dam/ricsglobal/documents/reports/RICS-Australia-Skills-Report-April-2026.pdf
_zAvailable free on RICS.org
942 _n0
999 _c122348
_d122348